Statistics for Top 50 International Soccer Teams

Click here to take the quiz!

General Stats

  • This quiz has been taken 68 times
    (19 since last reset)
  • The average score is 35 of 50

Answer Stats

NumberAnswer% Correct
1Argentina
100%
3Brazil
100%
4England
100%
2France
100%
19Japan
100%
11USA
100%
5Belgium
94%
16Colombia
94%
6Croatia
94%
15Germany
94%
9Italy
94%
7Netherlands
94%
8Portugal
94%
10Spain
94%
23Sweden
94%
18Denmark
88%
12Mexico
88%
39Russia
88%
27Australia
81%
25Austria
81%
44Canada
81%
36Chile
81%
43Norway
81%
42Turkey
81%
17Uruguay
81%
31Scotland
75%
24Ukraine
75%
22Peru
69%
30Poland
69%
20Senegal
69%
14Switzerland
69%
33Wales
69%
32Hungary
63%
46Costa Rica
56%
38Ecuador
56%
35Egypt
56%
47Romania
56%
40Nigeria
50%
28Serbia
50%
48Slovakia
50%
34Algeria
44%
41Cameroon
44%
37Czech Republic
44%
50Ivory coast
44%
21Iran
38%
45Panama
31%
29Tunisia
31%
26Korea Republic
13%
49Mali
6%
13Morcco
0%

Score Distribution

Percentile by Number Answered

Percent of People with Each Score

Your Score History

You have not taken this quiz since the last reset